000 00546nam a2200193Ia 4500
005 20250508162147.0
008 008 250505s9999 xx 000 0 eng d
037 _aTextual
040 _aFEDL
_beng
_cFEDL
041 _aeng
_2eng
084 _a181.48, MAI
_qFEDL
100 _aMainkar T.G.
_9772468
245 0 _aMaking of the vedanta
260 _aNew Delhi, India
_bAjanta Books International
_c1980
300 _a170p.
650 _aOriental Philosophy
_9755543
942 _cTEXL
_h181.48, MAI
999 _c1374734
_d1374734